Korundová elektrokeramika pre pokročilé typy plazmových zdrojov dizertačná práca

Uložené v:
Podrobná bibliografia
Hlavný autor: Chovanec, Jozef iný
Médium: Kniha
Jazyk:Slovak
Vydavateľské údaje: Bratislava STU FCHPT 2011
On-line prístup:View in OPAC
Tagy: Pridať tag
Žiadne tagy, Buďte prvý, kto otaguje tento záznam!

MARC

LEADER 00000nam a2200000 a 4500
005 20260127133944.0
008 150122 2011 000 0 slo d
035 |a vtls010648743 
039 9 |a 201605031319  |b AUTHORITY  |y 201501221024  |z mschk03 
040 |a STUSCHK1  |b slo  |c STUSCHK1  |e AACR2 
100 1 |a Chovanec, Jozef  |c iný 
245 1 |a Korundová elektrokeramika pre pokročilé typy plazmových zdrojov  |b dizertačná práca  |c Jozef Chovanec 
260 |a Bratislava  |b STU FCHPT  |c 2011 
300 |a 125 s.  |b il.  |c 30 cm 
500 |a Študijný program a odbor: Anorganické technológie a materiály 
500 |a Školiace pracovisko: Ústav anorganickej chémie SAV 
910 |a SCHK95 
999 |c 815  |d 815